Colomba : Tuyển tập truyện ngắn
Guardado en:
| Autor principal: | |
|---|---|
| Formato: | Libro |
| Lenguaje: | Undetermined |
| Publicado: |
Hà Nội
Văn Học
2000
|
| Materias: | |
| Etiquetas: |
Agregar Etiqueta
Sin Etiquetas, Sea el primero en etiquetar este registro!
|
| Thư viện lưu trữ: | Trung tâm Học liệu Trường Đại học Cần Thơ |
|---|
| LEADER | 00610nam a2200229Ia 4500 | ||
|---|---|---|---|
| 001 | CTU_37922 | ||
| 008 | 210402s9999 xx 000 0 und d | ||
| 020 | |b 44.000đ | ||
| 020 | |c 44000 | ||
| 082 | |a 843.8 | ||
| 082 | |b M562c | ||
| 100 | |a Merime, Proxper | ||
| 245 | 0 | |a Colomba : | |
| 245 | 0 | |b Tuyển tập truyện ngắn | |
| 245 | 0 | |c Proxper Merime | |
| 260 | |a Hà Nội | ||
| 260 | |b Văn Học | ||
| 260 | |c 2000 | ||
| 650 | |a French fiction ( vietnamese ),French literature | ||
| 650 | |y 18th century | ||
| 904 | |i Minh | ||
| 980 | |a Trung tâm Học liệu Trường Đại học Cần Thơ | ||